Cena ako kritérium hodnotenia ponúk
Vzájomný vzťah ceny a hodnoty a uplatnenie ceny ako ekonomického nástroja pre jej plnohodnotnejšieho uplatnenie v kritériách na vyhodnocovanie ponúk vo verejnom obstarávaní a nie uplatňovanie pri týchto kritériách iba kategóriu najnižšej ceny, ako aj jej uplatnenie v ďalších kritériách na vyhodnoten...
Salvato in:
| Autore principale: | |
|---|---|
| Altri autori: | |
| Natura: | Capitolo di libro |
| Lingua: | slovacco |
| Soggetti: | |
| Tags: |
Nessun Tag, puoi essere il primo ad aggiungerne!!
|
MARC
| LEADER | 00000naa a2200000 4500 | ||
|---|---|---|---|
| 001 | 0262413 | ||
| 005 | 20200218085034.2 | ||
| 041 | 0 | |a slo | |
| 044 | |a SK | ||
| 245 | 1 | 0 | |a Cena ako kritérium hodnotenia ponúk |c Milan Majerník, Štefan Majerník |
| 520 | |a Vzájomný vzťah ceny a hodnoty a uplatnenie ceny ako ekonomického nástroja pre jej plnohodnotnejšieho uplatnenie v kritériách na vyhodnocovanie ponúk vo verejnom obstarávaní a nie uplatňovanie pri týchto kritériách iba kategóriu najnižšej ceny, ako aj jej uplatnenie v ďalších kritériách na vyhodnotenie ponúk. | ||
| 610 | 2 | 0 | |a ceny |
| 610 | 2 | 0 | |a hodnota |
| 610 | 2 | 0 | |a kritériá rozhodovania |
| 610 | 2 | 0 | |a obstarávanie verejné |
| 100 | 1 | |a Majerník, Milan | |
| 700 | 1 | |a Majerník, Štefan | |